LIBRARY & INFORMATION CENTRE, KCAET, TAVANUR

ONLINE PUBLIC ACCESS CATALOGUE (OPAC)

Car maintenance and repair: A practical introduction / (Record no. 9275)

MARC details
000 -LEADER
fixed length control field 00523cam a2200193ua 4500
020 ## - INTERNATIONAL STANDARD BOOK NUMBER
ISBN 0 408 0133 8
041 ## - LANGUAGE CODE
Language code of text/sound track or separate title eng
082 ## - DEWEY DECIMAL CLASSIFICATION NUMBER
Classification number 629.2223
Item number MIL/CA
100 ## - MAIN ENTRY--AUTHOR NAME
Personal name Miller, Chas E .
245 ## - TITLE STATEMENT
Title Car maintenance and repair: A practical introduction /
250 ## - EDITION STATEMENT
Edition statement 1 /
260 ## - PUBLICATION, DISTRIBUTION, ETC. (IMPRINT)
Place of publication London :
Name of publisher Butterworth Scientific ,
Year of publication 1984.
300 ## - PHYSICAL DESCRIPTION
Number of Pages 136 ; .
700 1# - ADDED ENTRY--PERSONAL NAME
Personal name Rea, Dennis .
942 ## - ADDED ENTRY ELEMENTS (KOHA)
Koha item type Books
Holdings
Withdrawn status Lost status Damaged status Home library Current library Date acquired Full call number Accession Number Koha item type
      KAUAET KAUAET 09/03/1987 629.2223 16060 Books
free website counter